[Event "55smm A Brixen/Milland-Steinegg"]
[Site "?"]
[Date "2023.11.04"]
[Round "1.1"]
[White "Engl, Stefan"]
[Black "Sader, Michael"]
[Result "1-0"]
[WhiteElo "1992"]
[BlackElo "2093"]
[PlyCount "45"]
[EventDate "2023.11.04"]

1. e4 c5 2. Nc3 Nc6 3. f4 g6 4. Nf3 Bg7 5. Bb5 e6 6. Bxc6 bxc6 7. d3 d5 8. O-O
Nf6 9. Qe1 O-O 10. Ne5 c4 11. dxc4 dxe4 12. Be3 Qc7 13. Bc5 Re8 14. Nxe4 Nxe4
15. Qxe4 f6 16. Qxc6 Qxc6 17. Nxc6 Bb7 18. Nxa7 e5 19. Nb5 Rec8 20. b4 exf4 21.
Nd6 Rc7 22. Nxb7 Rxb7 23. a4 1-0

[Event "55smm A Brixen/Milland-Steinegg"]
[Site "?"]
[Date "2023.11.04"]
[Round "1.2"]
[White "Kofler, Thomas"]
[Black "Pichler, Martin"]
[Result "0-1"]
[WhiteElo "1948"]
[BlackElo "1888"]
[PlyCount "130"]
[EventDate "2023.11.04"]

1. e4 g6 2. c4 Bg7 3. Nc3 d6 4. d3 Nf6 5. g3 Nc6 6. Bg2 e5 7. Bg5 h6 8. Be3 O-O
9. Nge2 Bd7 10. O-O Ng4 11. Bd2 f5 12. h3 f4 13. f3 Ne3 14. Bxe3 fxe3 15. Nd5
Nd4 16. Kh2 h5 17. Nxe3 Ne6 18. Rb1 Rf7 19. b4 Qg5 20. Nd5 c6 21. Ndc3 Raf8 22.
Qc1 Qe7 23. b5 Kh7 24. bxc6 bxc6 25. Qd1 g5 26. g4 Nd4 27. Nxd4 exd4 28. Ne2
Be5+ 29. Kg1 Be6 30. Rf2 hxg4 31. hxg4 Bxg4 32. Rf1 Bxf3 33. Bxf3 Rxf3 34. Rxf3
Rxf3 35. Kg2 Qf6 36. Qh1+ Kg6 37. Rf1 g4 38. Qg1 Kg5 39. Qh1 Qf7 40. Qg1 d5 41.
exd5 cxd5 42. c5 Qf5 43. Rd1 Rxd3 44. Rxd3 Qxd3 45. Qc1+ Qe3 46. c6 Qxc1 47.
Nxc1 Kf5 48. Nd3 Bc7 49. Kf2 Ke6 50. Kg2 Bd6 51. Nf2 g3 52. Ng4 d3 53. Ne3 Bf4
54. Nd1 Kd6 55. Nb2 d2 56. Kf3 Kxc6 57. Ke2 Kd6 58. a4 Ke5 59. Kf3 Kd4 60. Nd1
Bd6 61. Ke2 Bb4 62. Ne3 Bd6 63. Nf5+ Kc3 64. Nxd6 g2 65. Nb5+ Kb4 0-1

[Event "55smm A Brixen/Milland-Steinegg"]
[Site "?"]
[Date "2023.11.04"]
[Round "1.3"]
[White "Engl, Alexander"]
[Black "Paulmichl, Martin"]
[Result "0-1"]
[WhiteElo "1845"]
[BlackElo "1880"]
[PlyCount "72"]
[EventDate "2023.11.04"]

1. f4 Nh6 2. Nf3 d5 3. g3 Bg4 4. Ne5 Bf5 5. Bg2 e6 6. c4 c6 7. d3 f6 8. e4 dxe4
9. dxe4 Qxd1+ 10. Kxd1 fxe5 11. exf5 Nxf5 12. Re1 Nd7 13. fxe5 Nc5 14. b3
O-O-O+ 15. Kc2 Nd3 16. Re4 Bc5 17. Bg5 Rd7 18. Nc3 h6 19. Bc1 Nf2 20. Re1 Rhd8
21. Ne4 Bb4 22. Rf1 Nd4+ 23. Kb1 Nd3 24. Bd2 Bxd2 25. Nxd2 Nxe5 26. Bh3 Re8 27.
Re1 Nf7 28. Ne4 Ng5 29. Nxg5 hxg5 30. Re5 Rh8 31. Bg4 Rxh2 32. Re1 Kc7 33. Bd1
Rf7 34. Re4 c5 35. b4 b6 36. a4 Rf1 0-1

[Event "55smm A Brixen/Milland-Steinegg"]
[Site "?"]
[Date "2023.11.04"]
[Round "1.4"]
[White "Wisthaler, Lukas"]
[Black "Lantschner, Carmen"]
[Result "0-1"]
[WhiteElo "1860"]
[BlackElo "1642"]
[PlyCount "118"]
[EventDate "2023.11.04"]

1. e4 d6 2. c4 g6 3. d4 Bg7 4. Nf3 Nf6 5. Nc3 O-O 6. Be2 c5 7. O-O cxd4 8. Nxd4
Nc6 9. Be3 Bd7 10. Rc1 Rc8 11. Qd2 Ne5 12. b3 Neg4 13. Bg5 h6 14. Bh4 Ne5 15.
f3 Nc6 16. Bf2 Ne8 17. Rfd1 b6 18. Ncb5 a6 19. Nxc6 Bxc6 20. Na7 Rc7 21. Nxc6
Rxc6 22. f4 Qb8 23. Bf3 Rc8 24. Qb4 b5 25. cxb5 Rxc1 26. Rxc1 axb5 27. a4 Nc7
28. g3 bxa4 29. Qxa4 Ne6 30. Qc4 Qb7 31. Kg2 Rb8 32. Bd1 Bb2 33. Rc2 Bg7 34.
Rc1 Bb2 35. Rc2 Bd4 36. Qd5 Bxf2 37. Qxb7 Rxb7 38. Rxf2 Nc5 39. Re2 Nxb3 40.
Rb2 Nc5 41. Rxb7 Nxb7 42. Kf3 Kg7 43. h4 Kf6 44. Bb3 e6 45. Bc4 Na5 46. Ba2 Nc6
47. Ke3 Nb4 48. Bb3 d5 49. g4 Ke7 50. g5 h5 51. Kd4 Kd6 52. exd5 exd5 53. Ba4
Nc6+ 54. Ke3 Ne7 55. Bc2 Ke6 56. Kd4 Nf5+ 57. Bxf5+ Kxf5 58. Kxd5 Kxf4 59. Kd6
Kg4 0-1

[Event "55smm A Brixen/Milland-Steinegg"]
[Site "?"]
[Date "2023.11.04"]
[Round "1.5"]
[White "Schroffenegger, Simon"]
[Black "Hulinskyy, Viktor"]
[Result "0-1"]
[WhiteElo "1581"]
[BlackElo "1610"]
[PlyCount "80"]
[EventDate "2023.11.04"]

1. e4 c5 2. Nc3 Nc6 3. f4 g6 4. Nf3 Bg7 5. a4 a6 6. Bc4 e6 7. e5 Nge7 8. O-O d5
9. exd6 Nf5 10. Ne4 Nxd6 11. Nxd6+ Qxd6 12. d3 b6 13. c3 O-O 14. Be3 Na5 15.
Ba2 b5 16. axb5 axb5 17. Qe2 Bb7 18. Rfd1 b4 19. d4 bxc3 20. bxc3 Ba6 21. Qf2
cxd4 22. cxd4 Nc6 23. Ng5 Nb4 24. Ne4 Qc6 25. Nc5 Nxa2 26. Rxa2 Bc4 27. Rc2 Bd5
28. Rdc1 Qd6 29. Qd2 Ra3 30. Rc3 Ra2 31. R1c2 Rfa8 32. Nd3 Bf8 33. h3 Qb6 34.
Qf2 Qb1+ 35. Kh2 Be4 36. Qd2 Rxc2 37. Rxc2 Ra3 38. Ne1 Bxc2 39. Nxc2 Ra2 40.
Na3 Rxa3 0-1

[Event "55smm A Brixen/Milland-Steinegg"]
[Site "?"]
[Date "2023.11.04"]
[Round "1.6"]
[White "Kofler, Oswald"]
[Black "Schgaguler, Guenther"]
[Result "1/2-1/2"]
[WhiteElo "1803"]
[BlackElo "1487"]
[PlyCount "92"]
[EventDate "2023.11.04"]

1. d4 e6 2. c4 f5 3. Nf3 Nf6 4. Nc3 Be7 5. Bd2 O-O 6. Qc2 d5 7. e3 c6 8. h3 Bd7
9. Bd3 Ne4 10. Ne5 Be8 11. Bxe4 fxe4 12. O-O Nd7 13. f4 Nxe5 14. fxe5 Rxf1+ 15.
Rxf1 Bg6 16. c5 Bg5 17. Bc1 Qe7 18. Qf2 Rf8 19. Qxf8+ Qxf8 20. Rxf8+ Kxf8 21.
Kf2 Ke8 22. Ke2 Kd7 23. Bd2 Bd8 24. Be1 Bg5 25. Kd2 h5 26. g4 h4 27. b4 Bd8 28.
a4 Be8 29. Ne2 g5 30. Kc3 Kc8 31. Kb3 Bd7 32. Nc3 Kc7 33. b5 Kb8 34. Kb4 Bc8
35. Nb1 Ka8 36. Na3 Kb8 37. Nc2 Kc7 38. Na3 Kd7 39. a5 Ke7 40. b6 a6 41. Kc3
Kd7 42. Kd2 Ke7 43. Ke2 Kf7 44. Nc2 Kg6 45. Bf2 Bd7 46. Nb4 Bc8 1/2-1/2

[Event "55smm A Deutschnofen-Arci"]
[Site "?"]
[Date "2023.11.04"]
[Round "1.1"]
[White "Seresin, Francesco"]
[Black "Zamengo, Fulvio"]
[Result "1/2-1/2"]
[WhiteElo "2321"]
[BlackElo "2345"]
[PlyCount "91"]
[EventDate "2023.11.04"]

1. c4 b6 2. Nc3 Bb7 3. Nf3 Nf6 4. g3 g6 5. Bg2 Bg7 6. O-O O-O 7. Re1 Ne4 8. Nd5
e6 9. Nf4 d6 10. d3 Nf6 11. e4 c5 12. Bd2 Nc6 13. Bc3 a6 14. Rc1 e5 15. Nd5 Bh6
16. Rb1 Bc8 17. h3 a5 18. a3 Nxd5 19. exd5 Nd4 20. Nxd4 exd4 21. Bd2 Bxd2 22.
Qxd2 Kg7 23. Re4 Bf5 24. Re2 Re8 25. Rxe8 Qxe8 26. g4 Bd7 27. Re1 Qd8 28. g5
Bf5 29. h4 Qd7 30. Qf4 Kf8 31. Kh2 Bxd3 32. Qf6 Kg8 33. Bh3 Qd8 34. Re7 Qf8 35.
Rxf7 Qxf7 36. Be6 Rf8 37. Bxf7+ Rxf7 38. Qxd6 Bxc4 39. Qxb6 d3 40. Qxa5 Rxf2+
41. Kg3 d2 42. Kxf2 d1=Q 43. Qd8+ Kg7 44. Qd7+ Kg8 45. Qc8+ Kg7 46. Qc7+
1/2-1/2

[Event "55smm A Deutschnofen-Arci"]
[Site "?"]
[Date "2023.11.04"]
[Round "1.2"]
[White "Dappiano, Andrea"]
[Black "Olivetti, Davide"]
[Result "1-0"]
[WhiteElo "2274"]
[BlackElo "2128"]
[PlyCount "59"]
[EventDate "2023.11.04"]

1. e4 c6 2. d4 d5 3. e5 Bf5 4. Nf3 e6 5. Be2 Nd7 6. O-O h6 7. Nbd2 Ne7 8. Nb3
g5 9. Ne1 Bg7 10. Nd3 Bg6 11. a4 f6 12. Ndc5 Kf7 13. f4 Nxc5 14. Nxc5 Qc7 15.
Bd3 Bxd3 16. Nxd3 Nf5 17. c3 fxe5 18. fxe5 Kg8 19. b3 Kh7 20. Qc2 Kg8 21. Nc5
Re8 22. Nxe6 Rxe6 23. Qxf5 Qd7 24. Ba3 b6 25. Bd6 c5 26. dxc5 bxc5 27. Rad1 d4
28. cxd4 cxd4 29. Rxd4 h5 30. Rb4 1-0

[Event "55smm A Deutschnofen-Arci"]
[Site "?"]
[Date "2023.11.04"]
[Round "1.3"]
[White "Perino, Alberto"]
[Black "Micheli, Carlo"]
[Result "1/2-1/2"]
[WhiteElo "1927"]
[BlackElo "2177"]
[PlyCount "110"]
[EventDate "2023.11.04"]

1. e4 d6 2. d4 Nf6 3. Nd2 g6 4. Ngf3 Bg7 5. Bd3 Nc6 6. c3 e5 7. dxe5 dxe5 8.
Qe2 Nh5 9. Nc4 b5 10. Na3 a6 11. Nc2 O-O 12. a4 bxa4 13. Rxa4 a5 14. O-O Bb7
15. Be3 Qe7 16. Rfa1 Rfb8 17. Na3 Nf4 18. Bxf4 exf4 19. Nc2 Qc5 20. Ncd4 h6 21.
Bb5 Ne5 22. Nxe5 Qxe5 23. Bc6 Qc5 24. Bxb7 Rxb7 25. Qd2 Bxd4 26. cxd4 Rd8 27.
Rd1 Qb5 28. Rxa5 Qxb2 29. f3 Qb6 30. Raa1 c6 31. h3 g5 32. Kh2 Rbd7 33. Ra4 Qb3
34. Rb4 Qa3 35. Rc4 Rd6 36. Qc2 Qa6 37. Qc3 Qb6 38. e5 Re6 39. Qc2 Rd5 40. Rb1
Rb5 41. Rxb5 Qxb5 42. Ra4 Qb7 43. Qc5 Qe7 44. Ra8+ Kg7 45. Qb6 c5 46. Qb8 Kg6
47. Qg8+ Kh5 48. Rf8 Rg6 49. Rxf7 Rxg8 50. Rxe7 cxd4 51. Kg1 Rb8 52. Rd7 Rb1+
53. Kf2 Rb2+ 54. Kf1 Rb5 55. Rxd4 Rxe5 1/2-1/2

[Event "55smm A Deutschnofen-Arci"]
[Site "?"]
[Date "2023.11.04"]
[Round "1.4"]
[White "Thurner, Markus"]
[Black "Zammarchi, Massimo"]
[Result "1-0"]
[WhiteElo "1918"]
[BlackElo "1934"]
[PlyCount "61"]
[EventDate "2023.11.04"]

1. e4 e5 2. Nf3 Nc6 3. Bc4 Bc5 4. d3 d6 5. c3 Nf6 6. Bg5 O-O 7. b4 Bb6 8. Nbd2
Qe7 9. O-O h6 10. Bh4 Kh7 11. a4 a6 12. Qc2 g5 13. Bg3 Nh5 14. b5 Na5 15. d4
Nxg3 16. hxg3 Bg4 17. Bd3 Qf6 18. Nh2 Bh5 19. f4 gxf4 20. gxf4 Rg8 21. Rf2 Kh8
22. fxe5 Qe7 23. exd6 cxd6 24. Raf1 Rac8 25. Ndf3 Bg6 26. Qd2 Kg7 27. Ng4 Rh8
28. e5 Rc7 29. Bxg6 fxg6 30. exd6 Qxd6 31. Nfe5 1-0

[Event "55smm A Deutschnofen-Arci"]
[Site "?"]
[Date "2023.11.04"]
[Round "1.5"]
[White "De Vita, Gianni"]
[Black "Brotto, Alessandro"]
[Result "0-1"]
[WhiteElo "1936"]
[BlackElo "2057"]
[PlyCount "88"]
[EventDate "2023.11.04"]

1. e4 e5 2. Nf3 Nc6 3. Bb5 a6 4. Bxc6 dxc6 5. d4 exd4 6. Qxd4 Qxd4 7. Nxd4 Bd7
8. O-O O-O-O 9. Be3 Bd6 10. Nd2 Nf6 11. f3 Rhe8 12. Rfe1 c5 13. N4b3 b6 14.
Rad1 Be6 15. Bg5 Be5 16. c3 h6 17. Be3 Bd6 18. Nc1 Nd7 19. Nf1 f5 20. Bf2 fxe4
21. Rxe4 Nf6 22. Ree1 Rd7 23. Rd2 g5 24. Rde2 Bf7 25. Rxe8+ Nxe8 26. Ng3 Bf4
27. Nb3 Nd6 28. Ne4 Nxe4 29. fxe4 Bxb3 30. axb3 Rd2 31. Rb1 Rc2 32. Kf1 a5 33.
h4 g4 34. g3 Bc1 35. h5 Bxb2 36. Be3 Bxc3 37. Rc1 Rxc1+ 38. Bxc1 Bg7 39. Ke2 b5
40. Ke3 Bf6 41. Kf2 c4 42. bxc4 b4 43. Bxh6 b3 44. Bc1 Kd7 0-1

[Event "55smm A Deutschnofen-Arci"]
[Site "?"]
[Date "2023.11.04"]
[Round "1.6"]
[White "Tonina, Filippo"]
[Black "Niederstaetter, Harald"]
[Result "1-0"]
[WhiteElo "1946"]
[BlackElo "1869"]
[PlyCount "81"]
[EventDate "2023.11.04"]

1. d4 d6 2. c4 e5 3. Nf3 Nd7 4. Nc3 Ngf6 5. g3 Be7 6. Bg2 O-O 7. O-O c6 8. e4
Qc7 9. Nh4 Re8 10. Nf5 Nf8 11. Nxe7+ Qxe7 12. d5 cxd5 13. cxd5 b6 14. Qe2 a5
15. Be3 N8d7 16. Rfc1 Ba6 17. Qd1 Nc5 18. f3 Nfd7 19. Bf1 Rec8 20. b3 Qd8 21.
Bb5 g6 22. a3 Bb7 23. b4 Na6 24. Qb3 Nf8 25. Na4 Rxc1+ 26. Rxc1 Rc8 27. Rxc8
Qxc8 28. Nxb6 Qc7 29. Qc4 Qxc4 30. Bxc4 axb4 31. Bxa6 Bxa6 32. axb4 f5 33. Kf2
Kf7 34. Bh6 Ke8 35. b5 Bxb5 36. Nc8 Bd3 37. Ke3 Bc2 38. Nxd6+ Ke7 39. Bxf8+
Kxf8 40. Nc4 Ke7 41. Nxe5 1-0

[Event "55smm A Ehrenburg-Tramin/Kaltern"]
[Site "?"]
[Date "2023.11.04"]
[Round "1.1"]
[White "Panjkovic, Aleksandar"]
[Black "Wohlfahrt, Herbert"]
[Result "0-1"]
[WhiteElo "2072"]
[BlackElo "2329"]
[PlyCount "76"]
[EventDate "2023.11.04"]

1. g3 e6 2. Bg2 d5 3. Nf3 Nf6 4. d3 Be7 5. Nbd2 a5 6. O-O a4 7. a3 O-O 8. e4
Nc6 9. Re1 dxe4 10. Nxe4 e5 11. h3 Nxe4 12. dxe4 Be6 13. Be3 Qc8 14. Kh2 b5 15.
Ng5 Bxg5 16. Bxg5 Nd4 17. Be3 c5 18. Rc1 Rd8 19. Qh5 f6 20. f4 Bf7 21. Qh4 b4
22. fxe5 fxe5 23. Rf1 Bc4 24. Rf2 Qe6 25. Bxd4 exd4 26. Rf5 Rdc8 27. Qg5 h6 28.
Qf4 Qe7 29. axb4 cxb4 30. e5 Ra5 31. Qxd4 a3 32. b3 Bxb3 33. cxb3 Rxc1 34. Bd5+
Kh8 35. Qf4 Rc2+ 36. Kh1 Rc8 37. Rf7 Qxf7 38. Qxf7 a2 0-1

[Event "55smm A Ehrenburg-Tramin/Kaltern"]
[Site "?"]
[Date "2023.11.04"]
[Round "1.2"]
[White "Hengl, Philip"]
[Black "Zucchelli, Massimo"]
[Result "1/2-1/2"]
[WhiteElo "1952"]
[BlackElo "2113"]
[PlyCount "59"]
[EventDate "2023.11.04"]

1. d4 Nf6 2. Nf3 e6 3. c4 Bb4+ 4. Nbd2 O-O 5. e3 d6 6. Qc2 Qe7 7. a3 Bxd2+ 8.
Bxd2 e5 9. dxe5 dxe5 10. Bc3 Nc6 11. b4 e4 12. b5 exf3 13. bxc6 bxc6 14. gxf3
c5 15. Rg1 Rb8 16. Bd3 h6 17. O-O-O Rb6 18. Rg2 Nh5 19. Rdg1 f5 20. f4 Rf7 21.
Be5 Kf8 22. Rg6 Qh4 23. Rxb6 axb6 24. f3 Nf6 25. Rg3 Ne8 26. Qg2 Qd8 27. Qc2
Be6 28. Rg6 Qd7 29. e4 fxe4 30. fxe4 1/2-1/2

[Event "55smm A Ehrenburg-Tramin/Kaltern"]
[Site "?"]
[Date "2023.11.04"]
[Round "1.3"]
[White "Maier, Fridolin"]
[Black "Hengl, Christian"]
[Result "0-1"]
[WhiteElo "1778"]
[BlackElo "2125"]
[PlyCount "72"]
[EventDate "2023.11.04"]

1. e4 c6 2. d4 d5 3. exd5 cxd5 4. Bf4 Nc6 5. c3 Nf6 6. Bd3 Bg4 7. Qb3 Qd7 8.
Nd2 e6 9. Ngf3 Bd6 10. Ne5 Qc7 11. Nxg4 Bxf4 12. Nxf6+ gxf6 13. g3 Bd6 14. O-O
h5 15. Nf3 h4 16. Nxh4 O-O-O 17. Nf3 Kb8 18. c4 Na5 19. Qb5 a6 20. Qa4 dxc4 21.
b4 Nc6 22. Be4 Nxb4 23. Rab1 f5 24. Bxb7 Qxb7 25. Ne5 Ka8 26. a3 Rxh2 27. f3
Ra2 28. Rf2 Rxf2 29. Kxf2 Bxe5 30. Rxb4 Bxd4+ 31. Ke2 Qd5 32. Rxc4 Ba7 33. Qc2
Bb6 34. Rc6 Kb7 35. Rc4 Qe5+ 36. Kf1 Qxg3 0-1

[Event "55smm A Ehrenburg-Tramin/Kaltern"]
[Site "?"]
[Date "2023.11.04"]
[Round "1.4"]
[White "Jedinger, Andreas"]
[Black "Thaler, Elmar"]
[Result "1-0"]
[WhiteElo "2114"]
[BlackElo "1782"]
[PlyCount "53"]
[EventDate "2023.11.04"]

1. e4 c6 2. d4 d5 3. e5 Bf5 4. h4 h6 5. g4 Bh7 6. e6 Nf6 7. exf7+ Kxf7 8. Bd3
Bxd3 9. Qxd3 Nbd7 10. Nf3 g6 11. g5 Ng4 12. h5 gxh5 13. Qf5+ Ngf6 14. gxf6 exf6
15. Qxh5+ Ke7 16. Nc3 Qe8 17. Bf4 Qxh5 18. Rxh5 Kf7 19. O-O-O Re8 20. Rdh1 Kg6
21. Kd1 b5 22. Ne2 Bg7 23. Ng3 a5 24. Nh4+ Kf7 25. Nhf5 Bf8 26. Bxh6 Bxh6 27.
Nd6+ 1-0

[Event "55smm A Ehrenburg-Tramin/Kaltern"]
[Site "?"]
[Date "2023.11.04"]
[Round "1.5"]
[White "Florian, Andreas"]
[Black "Babinetz, Rainer"]
[Result "1/2-1/2"]
[WhiteElo "1573"]
[BlackElo "1915"]
[PlyCount "43"]
[EventDate "2023.11.04"]

1. d4 d5 2. Bf4 g6 3. e3 Bg7 4. Nf3 Nd7 5. c4 e6 6. Nc3 c6 7. Be2 Ngf6 8. h3
dxc4 9. Bxc4 Nb6 10. Be2 Nbd5 11. Bh2 Nxc3 12. bxc3 Qa5 13. Qb3 Nd5 14. Rc1 O-O
15. O-O Re8 16. Rfe1 Bf8 17. Nd2 a6 18. Ne4 Qd8 19. c4 Nf6 20. Bc7 Qe7 21. Bd6
Qd8 22. Bc7 1/2-1/2

[Event "55smm A Ehrenburg-Tramin/Kaltern"]
[Site "?"]
[Date "2023.11.10"]
[Round "1.6"]
[White "Mairhofer, Lino"]
[Black "Unterkofler, Alex"]
[Result "1/2-1/2"]
[WhiteElo "1765"]
[BlackElo "1756"]
[PlyCount "66"]
[EventDate "2023.11.04"]

1. e4 c5 2. d4 cxd4 3. c3 dxc3 4. Nxc3 Nc6 5. Nf3 d6 6. Bc4 Nf6 7. h3 g6 8. O-O
Bg7 9. Qe2 O-O 10. Rd1 Qa5 11. Bf4 Bd7 12. Nd5 Be6 13. a3 Nd7 14. b4 Qd8 15.
Rac1 Nce5 16. Ba2 Nxf3+ 17. Qxf3 Ne5 18. Bxe5 Bxe5 19. Nc7 Bxa2 20. Nxa8 Qxa8
21. Qe3 Qb8 22. f4 Bg7 23. f5 b5 24. Rc6 Qb7 25. Rcc1 Bc4 26. a4 a6 27. a5 gxf5
28. exf5 Kh8 29. g4 Be5 30. Qh6 Rg8 31. Qe3 Qd7 32. Qxe5+ f6 33. Qe3 Qxf5
1/2-1/2

[Event "55smm A Klausen-Groeden"]
[Site "?"]
[Date "2023.11.04"]
[Round "1.1"]
[White "Moroder, Stephan"]
[Black "Schacher, Gerd"]
[Result "1/2-1/2"]
[WhiteElo "2155"]
[BlackElo "2253"]
[PlyCount "38"]
[EventDate "2023.11.04"]

1. d4 Nf6 2. Bf4 d6 3. Nc3 Nbd7 4. Nf3 c5 5. d5 g6 6. e4 a6 7. a4 Bg7 8. Be2
O-O 9. h3 Rb8 10. Nd2 Ne8 11. a5 Nc7 12. O-O b5 13. axb6 Nxb6 14. Nf3 Nb5 15.
Nxb5 axb5 16. Ra7 Na4 17. e5 Bf5 18. b3 Nc3 19. Qd2 dxe5 1/2-1/2

[Event "55smm A Klausen-Groeden"]
[Site "?"]
[Date "2023.11.04"]
[Round "1.2"]
[White "Seebacher, Michael"]
[Black "Demetz, Rainer"]
[Result "1-0"]
[WhiteElo "2087"]
[BlackElo "2201"]
[PlyCount "73"]
[EventDate "2023.11.04"]

1. d4 d6 2. e4 e5 3. Nf3 Nf6 4. dxe5 Nxe4 5. Qd5 Nc5 6. Bg5 Qd7 7. exd6 Bxd6 8.
Nc3 O-O 9. O-O-O Qg4 10. h3 Qh5 11. Be3 Qxd5 12. Rxd5 Ne6 13. Nb5 Be7 14. Nxa7
Bd7 15. Ne5 Rd8 16. Rd1 c5 17. Nb5 Rxa2 18. Kb1 Ra8 19. Nxd7 Nxd7 20. Bc4 Ndf8
21. f4 Rac8 22. b3 Bf6 23. c3 b6 24. g4 g6 25. h4 Bxh4 26. Rdf1 Bf6 27. f5 gxf5
28. gxf5 Ng7 29. Rh6 Rc6 30. Rg1 Nd7 31. Bd5 Rcc8 32. Bb7 Kf8 33. Bxc8 Rxc8 34.
Nd6 Rc6 35. Bf4 Be5 36. Ne4 Rxh6 37. Bxh6 1-0

[Event "55smm A Klausen-Groeden"]
[Site "?"]
[Date "2023.11.04"]
[Round "1.3"]
[White "Bernardi, Ruben"]
[Black "Bodrov, Timofey"]
[Result "0-1"]
[WhiteElo "2042"]
[BlackElo "2111"]
[PlyCount "136"]
[EventDate "2023.11.04"]

1. e4 c5 2. Nf3 Nc6 3. c3 Nf6 4. e5 Nd5 5. Bc4 Nb6 6. Bb3 d5 7. d4 cxd4 8. cxd4
Bg4 9. Be3 e6 10. O-O f6 11. h3 Bh5 12. Nc3 Be7 13. g4 Bg6 14. Qe2 h5 15. exf6
gxf6 16. g5 Bf5 17. Nh4 Bxh3 18. g6 Bxf1 19. Kxf1 Qd6 20. f4 O-O-O 21. Nb5 Qd7
22. a4 f5 23. Nf3 Nc4 24. Bxc4 dxc4 25. Qxc4 Qd5 26. Nxa7+ Kc7 27. Nb5+ Kb8 28.
Qxd5 exd5 29. Kf2 Rdg8 30. Rg1 Rh6 31. Nc3 Rhxg6 32. Rxg6 Rxg6 33. Nxd5 Bd8 34.
Nc3 h4 35. Ng5 Nb4 36. Kg2 Nd3 37. Nd5 Rd6 38. Nc3 Bxg5 39. fxg5 f4 40. Bg1
Nxb2 41. Kf3 h3 42. Ne4 Rd7 43. Kxf4 Nxa4 44. Bh2 b5 45. g6 Kb7 46. Ke5 b4 47.
Nd6+ Ka6 48. Ke6 Rg7 49. Kf6 Rg8 50. Kf7 Rxg6 51. Kxg6 b3 52. Ne4 b2 53. Nd2
Nc3 54. Kf6 Kb5 55. Ke6 Kc6 56. Be5 Nd5 57. Kf5 Ne3+ 58. Ke4 Nc4 59. d5+ Kd7
60. Nxc4 b1=Q+ 61. Kd4 Qd1+ 62. Kc5 Qg1+ 63. Bd4 Qg2 64. Nb6+ Kc7 65. d6+ Kb7
66. d7 Qc6+ 67. Kb4 Qc7 68. Na4 Kc6 0-1

[Event "55smm A Klausen-Groeden"]
[Site "?"]
[Date "2023.11.04"]
[Round "1.4"]
[White "Seebacher, Reinhard"]
[Black "Moroder, Thomas"]
[Result "0-1"]
[WhiteElo "1931"]
[BlackElo "2012"]
[PlyCount "84"]
[EventDate "2023.11.04"]

1. d4 Nf6 2. Nf3 g6 3. Nc3 d5 4. Bf4 Bg7 5. Qd2 c6 6. Bh6 Bxh6 7. Qxh6 Qd6 8.
h3 Ne4 9. Nxe4 dxe4 10. Qg7 Qf6 11. Qxf6 exf6 12. Nd2 f5 13. e3 Be6 14. Bc4 Ke7
15. Ke2 Nd7 16. Bb3 Nf6 17. c4 b6 18. Rhd1 g5 19. Rac1 Rac8 20. Nb1 f4 21. Nc3
f3+ 22. gxf3 exf3+ 23. Kxf3 Bxh3 24. Kg3 Bd7 25. d5 c5 26. e4 Kd6 27. Rh1 Rce8
28. Rh6 Ke5 29. f3 Reg8 30. Rch1 Rg6 31. Ne2 Rhg8 32. Bc2 Rxh6 33. Rxh6 Rg6 34.
Rxg6 fxg6 35. Kf2 Nh5 36. a4 Nf4 37. Nc3 Kd4 38. a5 Kxc4 39. axb6 axb6 40. e5
Nxd5 41. Bb3+ Kxb3 42. Nxd5 c4 0-1

[Event "55smm A Klausen-Groeden"]
[Site "?"]
[Date "2023.11.04"]
[Round "1.5"]
[White "Grossi, Christian"]
[Black "Unterfrauner, Albert"]
[Result "1-0"]
[WhiteElo "1905"]
[BlackElo "2177"]
[PlyCount "79"]
[EventDate "2023.11.04"]

1. d4 Nf6 2. Nf3 e6 3. c4 b6 4. Nc3 d5 5. cxd5 Nxd5 6. e4 Nxc3 7. bxc3 Be7 8.
Bd3 O-O 9. O-O Ba6 10. Bxa6 Nxa6 11. Qe2 Qc8 12. a4 c5 13. Ba3 Re8 14. Rfc1 Qb7
15. Rcb1 Rac8 16. a5 cxd4 17. Bxe7 d3 18. Qxd3 Rxe7 19. axb6 Nc5 20. bxa7 Nxd3
21. Rxb7 Rxb7 22. a8=Q Rb1+ 23. Rxb1 Rxa8 24. Nd4 g5 25. Kf1 Ra2 26. Ne2 Rc2
27. Rd1 Nc5 28. f3 Kf8 29. Ke1 Ra2 30. Rd2 Ra1+ 31. Kf2 Ke7 32. Ke3 Ra4 33. Nc1
Ra3 34. Kd4 Ra5 35. Kc4 Nd7 36. Kb4 Ra1 37. Nb3 Ra8 38. c4 Rb8+ 39. Kc3 Kd8 40.
Nc5 1-0

[Event "55smm A Klausen-Groeden"]
[Site "?"]
[Date "2023.11.04"]
[Round "1.6"]
[White "Schrott, Karl"]
[Black "Casadio, Lorenzo"]
[Result "1/2-1/2"]
[WhiteElo "1927"]
[BlackElo "1863"]
[PlyCount "163"]
[EventDate "2023.11.04"]

1. d4 Nf6 2. c4 e6 3. Nc3 d5 4. Nf3 c6 5. cxd5 exd5 6. Bg5 Be7 7. e3 O-O 8. h3
Nbd7 9. Bd3 Re8 10. O-O Ne4 11. Bf4 Ndf6 12. Qc2 Bd6 13. Bxd6 Qxd6 14. Ne5 Bf5
15. f3 Nxc3 16. Bxf5 Nb5 17. Rfe1 Qe7 18. Qd2 Nd6 19. Bd3 c5 20. b3 cxd4 21.
exd4 Qc7 22. Rac1 Qb6 23. Qf2 Re6 24. Rc5 Rae8 25. Rec1 R6e7 26. Kh1 a6 27. Qd2
Rd8 28. b4 Nde8 29. a4 Qe6 30. Qc2 Nd6 31. b5 axb5 32. axb5 g6 33. b6 Nh5 34.
Qd2 Ng3+ 35. Kh2 Ngf5 36. Bxf5 Nxf5 37. Rc7 Qxb6 38. Rxe7 Nxe7 39. Qf4 Nf5 40.
g4 Qxd4 41. Qxd4 Nxd4 42. Kg2 f6 43. Nd3 Rd7 44. Rb1 Ne6 45. f4 Kf7 46. h4 Ke7
47. Kf2 Rc7 48. Rb6 Nd8 49. Ke3 Rc6 50. Rb2 Kd6 51. f5 Rc7 52. fxg6 hxg6 53.
Nf4 g5 54. hxg5 fxg5 55. Nxd5 Kxd5 56. Rd2+ Ke5 57. Rxd8 Rc3+ 58. Kf2 b5 59.
Rf8 b4 60. Rf5+ Kd4 61. Rxg5 b3 62. Rg8 b2 63. Rb8 Rc2+ 64. Kf3 Kc3 65. Ke3 Rg2
66. Rc8+ Kb3 67. Rb8+ Kc2 68. Rc8+ Kd1 69. Rb8 Kc1 70. Kf3 Rc2 71. Kf4 b1=Q 72.
Rxb1+ Kxb1 73. Kf5 Rg2 74. g5 Kc2 75. Kf6 Kd3 76. g6 Ke4 77. g7 Kd5 78. Kf7
Rf2+ 79. Ke7 Rg2 80. Kf7 Kd6 81. g8=Q Rxg8 82. Kxg8 1/2-1/2

[Event "55smm A Richter/Lask-Richter/Lask2"]
[Site "?"]
[Date "2023.11.04"]
[Round "1.1"]
[White "Fongarolli, Diego"]
[Black "Moncher, Stefano"]
[Result "1/2-1/2"]
[WhiteElo "1883"]
[BlackElo "2168"]
[PlyCount "58"]
[EventDate "2023.11.04"]

1. e4 e6 2. d4 d5 3. Nd2 Nc6 4. Ngf3 Nf6 5. e5 Nd7 6. c3 f6 7. exf6 Qxf6 8. Bb5
Bd6 9. O-O O-O 10. Nb3 e5 11. dxe5 Ncxe5 12. Nxe5 Nxe5 13. f4 Nf7 14. Bd3 Bf5
15. Be3 Nh6 16. Nd4 Rae8 17. Qd2 Bxd3 18. Qxd3 Ng4 19. Bd2 Qh4 20. h3 Nf6 21.
Nf5 Bc5+ 22. Kh1 Qh5 23. Ng3 Qf7 24. Rae1 c6 25. Be3 Bxe3 26. Rxe3 Qg6 27. f5
Rxe3 28. Qxe3 Qf7 29. Qxa7 Re8 1/2-1/2

[Event "55smm A Richter/Lask-Richter/Lask2"]
[Site "?"]
[Date "2023.11.04"]
[Round "1.2"]
[White "Buglisi, Massimo"]
[Black "Unterweger, Christian"]
[Result "1-0"]
[WhiteElo "1911"]
[BlackElo "1533"]
[PlyCount "121"]
[EventDate "2023.11.04"]

1. e4 e5 2. f4 exf4 3. Nf3 g5 4. Nc3 Bg7 5. d4 d6 6. g3 Bh6 7. h4 g4 8. Ng5 f6
9. gxf4 fxg5 10. hxg5 Bg7 11. Be3 h5 12. gxh6 Rxh6 13. Rxh6 Bxh6 14. Qd2 Qh4+
15. Kd1 g3 16. Nd5 Bg4+ 17. Kc1 Qh1 18. Qg2 Qxg2 19. Bxg2 Kd7 20. Kd2 c6 21.
Nc3 Be6 22. Rh1 Bf7 23. Rh3 Na6 24. Rxg3 Nc7 25. Bh3+ Ke7 26. e5 dxe5 27. dxe5
Be6 28. f5 Rd8+ 29. Ke2 Bc4+ 30. Kf3 Bxe3 31. Kxe3 Kf8 32. b3 Nd5+ 33. Nxd5
Bxd5 34. c4 Bf7 35. Ke4 Rd2 36. Re3 Rxa2 37. e6 Be8 38. Ke5 Ke7 39. Rg3 Re2+
40. Kd4 Kf8 41. Bg4 Re1 42. Rg2 Nf6 43. Be2 Rb1 44. Ke5 Ng8 45. f6 Rxb3 46. Rf2
Re3+ 47. Kd6 Bg6 48. Kd7 Rxe2 49. Rxe2 Nxf6+ 50. Kd8 Ng8 51. Rf2+ Kg7 52. e7
Nf6 53. Ra2 a6 54. c5 Ne4 55. Rg2 Nf6 56. Rb2 Ne4 57. Rxb7 Nxc5 58. Rb6 Ne4 59.
Rxc6 a5 60. Rxg6+ Kf7 61. e8=Q# 1-0